Library of the University of Algiers 3
Ibrahim Sultan Cheibout
شعار جامعة الجزائر 3
مكتبة جامعة الجزائر 3
إبراهيم سلطان شيبوط

واقع إستخدام التسويق الإلكتروني بالنوادي الجزائرية ودوره في جلب الموارد المالية : دراسة ميدانية على بعض نوادي الرابطة المحترفة الأولى لكرة القدم الجزائرية (رقم التسجيلة. 15329)

تفاصيل مارك
000 -LEADER
fixed length control field 03120nam a2200241Ia 4500
005 - DATE AND TIME OF LATEST TRANSACTION
control field 20251215152045.0
008 - FIXED-LENGTH DATA ELEMENTS--GENERAL INFORMATION
fixed length control field 250219s9999||||xx |||||||||||||| ||und||
100 ## - MAIN ENTRY--PERSONAL NAME
Personal name نجاي، كريم
245 #0 - TITLE STATEMENT
Title واقع إستخدام التسويق الإلكتروني بالنوادي الجزائرية ودوره في جلب الموارد المالية : دراسة ميدانية على بعض نوادي الرابطة المحترفة الأولى لكرة القدم الجزائرية
260 ## - PUBLICATION, DISTRIBUTION, ETC.
Place of publication, distribution, etc. الجزائر
Date of publication, distribution, etc. 2023
300 ## - PHYSICAL DESCRIPTION
Extent 302 و.
Dimensions 30 سم.
502 ## - DISSERTATION NOTE
Dissertation note الدكتوراه
502 ## - DISSERTATION NOTE
Name of granting institution معهد التربية البدنية و الرياضية، جامعة الجزائر 3
520 ## - SUMMARY, ETC.
Summary, etc. يكتسي التسويق الإلكتروني أهمية بالغة ومكانة مرموقة باعتباره أداة حديثة وفعالة تعتمد عليها الأندية الرياضية في تحسين أدائها المالي، بما يجلبه من أموال ضخمة يتم تحصيلها ثم صرفها لتنفيذ سياسة النادي وبرامجه، حيث أخذ بالنوادي الرياضية إلى واقع جديد، حيث لم تعد للنوادي التقليدية مكانا فيه، ونهدف من خلال هذه الدراسة إلى ابراز واقع استخدام التسويق الإلكتروني بالنوادي الجزائرية ودوره في جلب الموارد المالية، وذلك من خلال اجراء دراسة ميدانية على بعض نوادي الرابطة المحترفة الأولى لكرة القدم الجزائرية، ولتحقيق ذلك اعتمد الباحث على المنهج الوصفي مستخدما الاستبيان كأداة للدراسة بالتطبيق على عينة مقصودة بلغ عددها 40 إداريا من أندية كرة القدم المحترفة الأولى. وقد توصلت الدراسة إلى أن التسويق الإلكتروني يعتبر من أهم الأساليب الحديثة، التي أصبحت تعتمد عليها النوادي الرياضية كمصدر مهم من مصادر التمويل لأجل تعزيز مواردها المالية، ولذلك أصبحت جميع النوادي الرياضية الجزائرية المحترفة تسعى إلى توسيع مجال التسويق الإلكتروني لزيادة مصادر تمويلها. الكلمات المفتاحية: التسويق الالكتروني، التسويق الرياضي، النوادي الرياضية، التمويل الرياضي، الرابطة المحترفة الأول
653 ## - INDEX TERM--UNCONTROLLED
Uncontrolled term التسويق الالكتروني
653 ## - INDEX TERM--UNCONTROLLED
Uncontrolled term النوادي
653 ## - INDEX TERM--UNCONTROLLED
Uncontrolled term تسيير الموارد المواردالبشرية و المنشآت الرياضية
653 ## - INDEX TERM--UNCONTROLLED
Uncontrolled term كرة القدم
700 ## - ADDED ENTRY--PERSONAL NAME
Personal name حداب، سليم
710 ## - ADDED ENTRY--CORPORATE NAME
Corporate name or jurisdiction name as entry element معهد التربية البدنية و الرياضية، جامعة الجزائر 3
856 ## - ELECTRONIC LOCATION AND ACCESS
Uniform Resource Identifier <a href=" https://dspace.univ-alger3.dz/jspui/handle/123456789/9476"> https://dspace.univ-alger3.dz/jspui/handle/123456789/9476</a>
942 ## - ADDED ENTRY ELEMENTS (KOHA)
Koha item type رسائل و أطروحات
المقتنيات
Withdrawn status Lost status Source of classification or shelving scheme Damaged status Not for loan Home library Current library Date acquired Inventory number Total checkouts Full call number Barcode Date last seen Price effective from Koha item type
    Dewey Decimal Classification   NOT LOAN / إعارة داخلية مكتبة معهد التربية البدنية و الرياضية مكتبة معهد التربية البدنية و الرياضية 24/02/2025 DOCT1541   DOCT1541 DOCT1541 24/02/2025 24/02/2025 رسائل و أطروحات

موارد الويب المفتوحة


© University of Algiers 3 All Rights Reserved
|
Implemented by LECHELAH Riad